header

Omiano vya tjipangandjara : (Record no. 142947)

MARC details
000 -LEADER
fixed length control field 01782nam a22004091i 4500
001 - CONTROL NUMBER
control field ebr10805070
003 - CONTROL NUMBER IDENTIFIER
control field CaPaEBR
006 - FIXED-LENGTH DATA ELEMENTS--ADDITIONAL MATERIAL CHARACTERISTICS--GENERAL INFORMATION
fixed length control field m o d
007 - PHYSICAL DESCRIPTION FIXED FIELD--GENERAL INFORMATION
fixed length control field cr cn|||||||||
008 - FIXED-LENGTH DATA ELEMENTS--GENERAL INFORMATION
fixed length control field 130729s2013 sx ob 000 0 eng d
020 ## - INTERNATIONAL STANDARD BOOK NUMBER
Cancelled/invalid ISBN 9789991642079
International Standard Book Number 9789991642086 (e-book)
040 ## - CATALOGING SOURCE
Original cataloging agency CaPaEBR
Language of cataloging eng
Description conventions rda
-- pn
Transcribing agency CaPaEBR
035 ## - SYSTEM CONTROL NUMBER
System control number (OCoLC)868914672
043 ## - GEOGRAPHIC AREA CODE
Geographic area code f-sx---
050 14 - LIBRARY OF CONGRESS CALL NUMBER
Classification number PN6519.B33
Item number K38 2013eb
100 1# - MAIN ENTRY--PERSONAL NAME
Personal name Kavari, J. U.
245 10 - TITLE STATEMENT
Title Omiano vya tjipangandjara :
Remainder of title Otjiherero proverbs and idioms /
Statement of responsibility, etc Jekura Uaurika Kavari.
246 30 - VARYING FORM OF TITLE
Title proper/short title Otjiherero proverbs and idioms
264 #1 - PRODUCTION, PUBLICATION, DISTRIBUTION, MANUFACTURE, AND COPYRIGHT NOTICE
Place of production, publication, distribution, manufacture Windhoek, Namibia :
Name of producer, publisher, distributor, manufacturer University of Namibia Press,
Date of production, publication, distribution, manufacture, or copyright notice [2013]
Date of production, publication, distribution, manufacture, or copyright notice �2013
300 ## - PHYSICAL DESCRIPTION
Extent 1 online resource (212 pages)
336 ## - CONTENT TYPE
Content type term text
Source rdacontent
337 ## - MEDIA TYPE
Media type term computer
Source rdamedia
338 ## - CARRIER TYPE
Carrier type term online resource
Source rdacarrier
500 ## - GENERAL NOTE
General note Herero proverbs and idioms with English equivalents.
504 ## - BIBLIOGRAPHY, ETC. NOTE
Bibliography, etc Includes bibliographical references (pages 195-196).
546 ## - LANGUAGE NOTE
Language note In Herero and English.
588 ## - SOURCE OF DESCRIPTION NOTE
Source of description note Description based on print version record.
590 ## - LOCAL NOTE (RLIN)
Local note Electronic reproduction. Palo Alto, Calif. : ebrary, 2014. Available via World Wide Web. Access may be limited to ebrary affiliated libraries.
650 #0 - SUBJECT ADDED ENTRY--TOPICAL TERM
Topical term or geographic name as entry element Proverbs, Bantu
Geographic subdivision Namibia.
Topical term or geographic name as entry element Proverbs, Bantu
Geographic subdivision Namibia
Form subdivision Translations into English.
655 #0 - INDEX TERM--GENRE/FORM
Genre/form data or focus term Electronic books.
776 08 - ADDITIONAL PHYSICAL FORM ENTRY
Display text Print version:
Main entry heading Kavari, J. U.
Title Omiano vya tjipangandjara : Otjiherero proverbs and idioms.
Place, publisher, and date of publication Windhoek, Namibia : University of Namibia Press, c2013
Physical description ix, 197 pages ; 21 cm.
International Standard Book Number 9789991642079
Record control number (DLC) 2012312856
797 2# - LOCAL ADDED ENTRY--CORPORATE NAME (RLIN)
Corporate name or jurisdiction name as entry element ebrary.
856 40 - ELECTRONIC LOCATION AND ACCESS
Uniform Resource Identifier <a href="http://site.ebrary.com/lib/rucke/Doc?id=10805070">http://site.ebrary.com/lib/rucke/Doc?id=10805070</a>
Public note An electronic book accessible through the World Wide Web; click to view

No items available.

© 2026 Rongo University
Contact us: librarian | system librarian | Rongo university